02311nam a22001577a 4500999001900000008004100019100004400060245006900104260003700173300003100210520160800241650015401849773003702003942000702040952010602047 c533628d533628260608b ||||| |||| 00| 0 eng d aGupta, Akansha and Gupta, Sonal 961093 aManager’s impasse of inspiring employees at virtual workplaces aBharat Journal of Case Studies  a1(2), Dec, 2025: p.204-218 aMasycoda Solutions, an emerging IT firm headquartered in Nagpur, India, has built a global presence with clientele across North America, Europe, and Asia. With its foundation rooted in developing advanced, customised IT solutions, the company has embraced virtual work environments to maintain a competitive edge and operational efficiency. However, the shift to fully virtual operations presented a complex challenge for Aditya Lonare, the supply chain manager overseeing distributed teams. In November 2024, despite adherence to project deadlines and procedural metrics, he noticed a visible dip in his team’s engagement and enthusiasm during virtual meetings. Team members appeared unmotivated and disengaged, affecting collaboration, creativity, and overall team morale. Aditya, aware of his team’s capabilities, began to question deeper psychological needs, beyond task completion, that drive employee satisfaction in virtual spaces. This case presents a realistic and timely dilemma confronting many leaders: sustaining motivation, fostering connection, and managing performance when physical co-presence is no longer possible. The situation underscores how digital workspaces demand a reinvention of traditional management methods to address intrinsic and extrinsic motivators. This case sets the foundation for exploring root causes and potential interventions within virtual team structures and invites readers to apply motivation theories and leadership frameworks to a contemporary business problem.- Reproduced https://www.printspublications.com/journal/bharat-journal-of-case-studies  aVirtual workplaces, Employee motivation, Remote leadership, digital engagement, Virtual team dynamics, Organisational behavior, IT industry. 961094 aBharat Journal of Case Studies  cAR 00102ddc40709408809aIIPAbIIPAd2026-06-08h1(2), Dec, 2025: p.204-218pAR139105r2026-06-08yAR